000 01013nam a2200289 a 4500
001 BRL_1817
005 20190320211400.0
008 050815s2002----mx-a######---#000-0#spa-#
020 _a9689106577
041 _aspa
044 _amx
050 4 _aF1392.A78
_b.E95 2002
245 1 0 _aExilio y Cultura
_bEl exilio cultural austriaco en México
_cChristian Kloyber compilador
260 _aMéxico
_bSecretaría de Relaciones Exteriores
_c2002
300 _a232 p.
_bil.
_c23 cm.
500 _aej.1 Au944, ej.2 Au2216
500 _aIncluyen dedicatoria a Ruth Lechuga
500 _aLa biblioteca cuenta con 2 ejemplares
650 1 4 _aAustriacos en México
_xHistoria
_ySiglo XX
_927950
650 1 4 _aJudíos en México
_xHistoria
_ySiglo XX
_927951
650 1 4 _aAustriacos en México
_xVida intelectual
_ySiglo XX
_927952
650 1 4 _aExiliados
_zMéxico
_912450
651 4 _aAustria
_xCivilización - Influencia
_927953
700 1 _aKloyber, Christian
_ecompilador
_927954
902 _aGRL
942 _2lcc
_cB
999 _c10625
_d10625